[Event "Feffernitz Raika op 09th"]
[Site "Feffernitz"]
[Date "2000.08.23"]
[Round "4"]
[White "Moser, Eva"]
[Black "Muellneritsch, Anton"]
[Result "1-0"]
[WhiteElo "2332"]
[BlackElo "2203"]
[PlyCount "65"]
[EventDate "2000.08.??"]
[EventType "swiss"]
[EventRounds "9"]
[EventCountry "AUT"]
[SourceTitle "EXT 2001"]
[Source "ChessBase"]
[SourceDate "2000.11.22"]
[SourceVersion "1"]
[SourceVersionDate "2000.11.22"]
[SourceQuality "1"]

1. e3 d5 2. f4 g6 3. Nf3 c5 4. Be2 Bg7 5. O-O Nc6 6. d3 Nf6 7. Qe1 d4 8. e4 Ng4
9. Na3 Qc7 10. Qh4 a6 11. h3 Ne3 12. Bxe3 dxe3 13. c3 b5 14. Nc2 b4 15. Nxe3
bxc3 16. bxc3 Rb8 17. Nd5 Qd8 18. Qf2 Qa5 19. Ne5 Nxe5 20. fxe5 Be6 21. d4 cxd4
22. cxd4 Bxd5 23. exd5 O-O 24. Bc4 Bh6 25. d6 Qc3 26. Bxf7+ Kh8 27. Rae1 Rb2
28. Qh4 Qc6 29. Qe4 Qxe4 30. Rxe4 exd6 31. e6 Bg5 32. e7 Bxe7 33. Rxe7 1-0

[Event "Feffernitz Raika op 09th"]
[Site "Feffernitz"]
[Date "2000.08.23"]
[Round "3"]
[White "Djurkovic, Maks"]
[Black "Moser, Eva"]
[Result "0-1"]
[WhiteElo "2145"]
[BlackElo "2332"]
[PlyCount "114"]
[EventDate "2000.08.??"]
[EventType "swiss"]
[EventRounds "9"]
[EventCountry "AUT"]
[SourceTitle "EXT 2001"]
[Source "ChessBase"]
[SourceDate "2000.11.22"]
[SourceVersion "1"]
[SourceVersionDate "2000.11.22"]
[SourceQuality "1"]

1. d4 e6 2. Nf3 f5 3. c4 Nf6 4. g3 d6 5. Bg2 Be7 6. O-O O-O 7. Nc3 Qe8 8. Qc2
Qh5 9. Bf4 Nc6 10. a3 g5 11. Bxg5 Nxd4 12. Nxd4 Qxg5 13. Ncb5 Bd8 14. c5 d5 15.
c6 b6 16. Nf3 Qg7 17. a4 a6 18. Nc3 Ne4 19. e3 Bf6 20. Rac1 Rd8 21. Rfd1 Nd6
22. Nd4 Kh8 23. Bh3 Qg6 24. Nde2 Nc4 25. Nf4 Qf7 26. Bg2 Ne5 27. Nce2 Rd6 28.
Nd4 Ng4 29. h3 Nh6 30. Qb3 e5 31. Bxd5 Qe7 32. Nh5 exd4 33. Nxf6 Qxf6 34. Rxd4
Be6 35. Bxe6 Qxe6 36. Qxe6 Rxe6 37. Rd7 Rc8 38. Kg2 Kg8 39. Kf3 Nf7 40. Kf4 Nd6
41. f3 Rf6 42. Rc3 Rf7 43. g4 fxg4+ 44. Rxf7 Nxf7 45. hxg4 Rd8 46. b4 Rd6 47.
Rc4 Rf6+ 48. Kg3 Rxf3+ 49. Kxf3 Ne5+ 50. Ke4 Nxc4 51. Kd5 Nxe3+ 52. Ke6 Kf8 53.
g5 Ke8 54. Kf6 Nd5+ 55. Kg7 Nxb4 56. Kxh7 Nxc6 57. g6 Ne7 0-1

[Event "Feffernitz Raika op 09th"]
[Site "Feffernitz"]
[Date "2000.08.21"]
[Round "2"]
[White "Moser, Eva"]
[Black "Piber, Vincencij"]
[Result "1-0"]
[WhiteElo "2332"]
[BlackElo "2020"]
[PlyCount "40"]
[EventDate "2000.08.??"]
[EventType "swiss"]
[EventRounds "9"]
[EventCountry "AUT"]
[SourceTitle "EXT 2001"]
[Source "ChessBase"]
[SourceDate "2000.11.22"]
[SourceVersion "1"]
[SourceVersionDate "2000.11.22"]
[SourceQuality "1"]

1. g3 d5 2. Bg2 c6 3. Nf3 Bg4 4. d4 Nd7 5. c4 e6 6. O-O Bd6 7. b3 e5 8. cxd5
cxd5 9. dxe5 Bxf3 10. exd6 Bxg2 11. Kxg2 Qf6 12. Qd2 Qxa1 13. Nc3 Ngf6 14. Bb2
Ne4 15. Qc2 Qxf1+ 16. Kxf1 Nxd6 17. Nxd5 O-O 18. Qc7 Nb6 19. Ne7+ Kh8 20. Qxd6
Rad8 1-0

[Event "Passau op 8th"]
[Site "Passau"]
[Date "2000.04.24"]
[Round "7"]
[White "Moser, Eva"]
[Black "Dengler, Peter"]
[Result "1-0"]
[WhiteElo "2272"]
[BlackElo "2272"]
[PlyCount "99"]
[EventDate "2000.04.21"]
[EventType "swiss"]
[EventRounds "7"]
[EventCountry "GER"]
[SourceTitle "CBM 076 Extra"]
[Source "ChessBase"]
[SourceDate "2000.07.11"]
[SourceVersion "1"]
[SourceVersionDate "2000.07.11"]
[SourceQuality "1"]

1. g3 g6 2. Bg2 Bg7 3. e4 c5 4. f4 d6 5. Nf3 Nh6 6. d3 Nc6 7. c3 O-O 8. O-O Rb8
9. Kh1 e5 10. Na3 f6 11. Be3 Nf7 12. Rf2 b5 13. d4 b4 14. Nc2 bxc3 15. bxc3 Qa5
16. d5 Ne7 17. fxe5 Qxc3 18. e6 Nh6 19. Qd2 Qxd2 20. Rxd2 Ng4 21. Bf4 Rd8 22.
Re1 g5 23. Be3 h6 24. Bg1 Rb6 25. h3 Ne5 26. Nxe5 fxe5 27. Ne3 Ba6 28. Bf1 h5
29. Rf2 Rf8 30. Rxf8+ Kxf8 31. Nc4 Bxc4 32. Bxc4 Bf6 33. Rf1 Kg7 34. Be3 Rb4
35. Rc1 Ng6 36. Bd2 Rb8 37. Ba5 Rb7 38. a4 h4 39. gxh4 gxh4 40. Bb5 a6 41. Bc4
Bg5 42. Rf1 Nf4 43. Bc3 Kf6 44. Bxa6 Rb3 45. Rf3 Kg6 46. Bc4 Ra3 47. a5 Bd8 48.
a6 Bb6 49. Bb5 c4 50. e7 1-0

[Event "Passau op 8th"]
[Site "Passau"]
[Date "2000.04.23"]
[Round "6"]
[White "Weiland, Guenter"]
[Black "Moser, Eva"]
[Result "0-1"]
[WhiteElo "2093"]
[BlackElo "2272"]
[PlyCount "64"]
[EventDate "2000.04.21"]
[EventType "swiss"]
[EventRounds "7"]
[EventCountry "GER"]
[SourceTitle "CBM 076 Extra"]
[Source "ChessBase"]
[SourceDate "2000.07.11"]
[SourceVersion "1"]
[SourceVersionDate "2000.07.11"]
[SourceQuality "1"]

1. Nf3 e6 2. c4 f5 3. g3 Nf6 4. Bg2 Be7 5. b3 O-O 6. Bb2 a5 7. a3 Na6 8. d3 d6
9. Nbd2 c6 10. d4 Bd7 11. e3 Qe8 12. h4 Rb8 13. Bc3 Bd8 14. b4 axb4 15. axb4
Ne4 16. Nxe4 fxe4 17. Nd2 d5 18. Bh3 Kh8 19. Bg4 Rf6 20. h5 Qf8 21. O-O Be7 22.
c5 g6 23. hxg6 Rxg6 24. Kg2 Qg7 25. Bh5 Rg5 26. Rh1 Rf8 27. Nf1 Qf6 28. Ra2 Nc7
29. Be1 Be8 30. Bxe8 Rxe8 31. Ra7 Rb8 32. Rh5 Qf3+ 0-1

[Event "Passau op 8th"]
[Site "Passau"]
[Date "2000.04.23"]
[Round "5"]
[White "Moser, Eva"]
[Black "Renner, Christoph"]
[Result "0-1"]
[WhiteElo "2272"]
[BlackElo "2442"]
[PlyCount "62"]
[EventDate "2000.04.21"]
[EventType "swiss"]
[EventRounds "7"]
[EventCountry "GER"]
[SourceTitle "CBM 076 Extra"]
[Source "ChessBase"]
[SourceDate "2000.07.11"]
[SourceVersion "1"]
[SourceVersionDate "2000.07.11"]
[SourceQuality "1"]

1. e4 e5 2. Nf3 Nc6 3. d3 g6 4. g3 Bg7 5. Bg2 Nge7 6. O-O O-O 7. c3 f5 8. b4 d6
9. b5 Na5 10. Qa4 b6 11. Bg5 f4 12. gxf4 h6 13. Bxe7 Qxe7 14. f5 gxf5 15. Nbd2
a6 16. bxa6 Bxa6 17. exf5 Bxd3 18. Nh4 Qg5 19. Ndf3 Qh5 20. Ng6 e4 21. Nfh4 Rf7
22. Rfe1 d5 23. Re3 c6 24. Qa3 Rd8 25. Rg3 Kh7 26. Kh1 Nc4 27. Qb3 Qe2 28. Rg1
Qxf2 29. Bh3 e3 30. R3g2 Be4 31. Qd1 e2 0-1

[Event "Passau op 8th"]
[Site "Passau"]
[Date "2000.04.22"]
[Round "4"]
[White "Gross, David2"]
[Black "Moser, Eva"]
[Result "1/2-1/2"]
[WhiteElo "2465"]
[BlackElo "2272"]
[PlyCount "61"]
[EventDate "2000.04.21"]
[EventType "swiss"]
[EventRounds "7"]
[EventCountry "GER"]
[SourceTitle "CBM 076 Extra"]
[Source "ChessBase"]
[SourceDate "2000.07.11"]
[SourceVersion "1"]
[SourceVersionDate "2000.07.11"]
[SourceQuality "1"]

1. e4 d6 2. d4 Nf6 3. Nc3 e5 4. Nf3 exd4 5. Nxd4 Be7 6. Be2 O-O 7. O-O Re8 8.
f4 Bf8 9. Bf3 c5 10. Nb3 Nc6 11. Kh1 Bd7 12. Re1 Rb8 13. a4 a6 14. Be3 Nb4 15.
Bf2 Bc6 16. Qd2 b6 17. Rad1 Qc8 18. a5 b5 19. Nd5 Nbxd5 20. exd5 Bd7 21. Rxe8
Bxe8 22. Bh4 Be7 23. Qe2 Qd8 24. Re1 Kf8 25. Bf2 Ng8 26. g4 h6 27. h4 Bd7 28.
g5 Bf5 29. Be4 Qd7 30. Kh2 Bg4 31. Qd2 1/2-1/2

[Event "Passau op 8th"]
[Site "Passau"]
[Date "2000.04.22"]
[Round "3"]
[White "Moser, Eva"]
[Black "Klyszcz, Michael"]
[Result "1-0"]
[WhiteElo "2272"]
[BlackElo "2037"]
[PlyCount "81"]
[EventDate "2000.04.21"]
[EventType "swiss"]
[EventRounds "7"]
[EventCountry "GER"]
[SourceTitle "CBM 076 Extra"]
[Source "ChessBase"]
[SourceDate "2000.07.11"]
[SourceVersion "1"]
[SourceVersionDate "2000.07.11"]
[SourceQuality "1"]

1. g3 Nf6 2. Bg2 g6 3. e4 d6 4. d4 Bg7 5. Ne2 O-O 6. O-O e5 7. d5 Nbd7 8. c4 a5
9. Nbc3 Nc5 10. Rb1 b6 11. b3 Ng4 12. f3 Nh6 13. Be3 f5 14. Qd2 Nf7 15. a3 Qe7
16. b4 axb4 17. axb4 Nd7 18. Rfc1 Nf6 19. c5 bxc5 20. bxc5 fxe4 21. Nxe4 Nxe4
22. fxe4 Bf6 23. Nc3 Ng5 24. Nb5 Nh3+ 25. Kh1 dxc5 26. Bxc5 Bg5 27. Bxe7 Bxd2
28. Bxf8 Bxc1 29. Bc5 Bb2 30. Bxh3 Bxh3 31. Rxb2 Ra1+ 32. Bg1 Re1 33. Nxc7 Rxe4
34. d6 Rc4 35. Rd2 Bd7 36. h4 e4 37. Nd5 Kf7 38. Nb6 e3 39. Bxe3 Rc1+ 40. Kh2
Bc6 41. Rf2+ 1-0

[Event "Passau op 8th"]
[Site "Passau"]
[Date "2000.04.21"]
[Round "2"]
[White "Brittner, Johann"]
[Black "Moser, Eva"]
[Result "0-1"]
[WhiteElo "2077"]
[BlackElo "2272"]
[PlyCount "64"]
[EventDate "2000.04.21"]
[EventType "swiss"]
[EventRounds "7"]
[EventCountry "GER"]
[SourceTitle "CBM 076 Extra"]
[Source "ChessBase"]
[SourceDate "2000.07.11"]
[SourceVersion "1"]
[SourceVersionDate "2000.07.11"]
[SourceQuality "1"]

1. d4 e6 2. c3 b6 3. Nf3 Bb7 4. Bf4 f5 5. e3 Nf6 6. Nbd2 Be7 7. h3 O-O 8. Qc2
c5 9. Rg1 cxd4 10. Nxd4 Nc6 11. Nxc6 Bxc6 12. g4 Nd5 13. gxf5 Nxf4 14. exf4 Bh4
15. Bd3 Qf6 16. O-O-O exf5 17. Nc4 Bf3 18. Rd2 Qh6 19. Bxf5 Qxf4 20. Bxh7+ Kh8
21. Qg6 Bf6 22. Ne3 Qh4 23. Rxd7 Qxh7 24. Qg3 Be4 25. Ng4 Bg5+ 26. Ne3 Bf6 27.
Ng4 Bh4 28. Qe5 Rae8 29. Qd4 Bb1 30. Ne3 Rxe3 31. Qxg7+ Qxg7 32. Rdxg7 Re1+ 0-1

[Event "Passau op 8th"]
[Site "Passau"]
[Date "2000.04.21"]
[Round "1"]
[White "Moser, Eva"]
[Black "Beck, Stephan"]
[Result "1-0"]
[WhiteElo "2272"]
[BlackElo "1850"]
[PlyCount "39"]
[EventDate "2000.04.21"]
[EventType "swiss"]
[EventRounds "7"]
[EventCountry "GER"]
[SourceTitle "CBM 076 Extra"]
[Source "ChessBase"]
[SourceDate "2000.07.11"]
[SourceVersion "1"]
[SourceVersionDate "2000.07.11"]
[SourceQuality "1"]

1. e4 c5 2. b3 e5 3. Bb2 Nc6 4. f4 d6 5. Nf3 f6 6. Bc4 Nge7 7. O-O a6 8. a4 Rb8
9. Na3 Na5 10. fxe5 Nxc4 11. Nxc4 dxe5 12. Nfxe5 fxe5 13. Bxe5 Nc6 14. Bxb8
Qd4+ 15. Kh1 Nxb8 16. c3 Qd8 17. Qh5+ Kd7 18. Qd5+ Kc7 19. Qe5+ Bd6 20. Rf7+
1-0

[Event "AUT-chT2S 9900"]
[Site "Austria"]
[Date "2000.03.18"]
[Round "10.5"]
[White "Peisser, Manfred"]
[Black "Moser, Eva"]
[Result "0-1"]
[WhiteElo "2114"]
[BlackElo "2223"]
[PlyCount "44"]
[EventDate "1999.10.??"]
[EventType "team-tourn"]
[EventRounds "11"]
[EventCountry "AUT"]
[SourceTitle "EXT 2002"]
[Source "ChessBase"]
[SourceDate "2001.11.25"]
[SourceVersion "1"]
[SourceVersionDate "2001.11.25"]
[SourceQuality "1"]

1. d4 e6 2. Nf3 f5 3. g3 Nf6 4. Bg2 Be7 5. O-O O-O 6. c4 d6 7. Nc3 Qe8 8. Qc2
Qh5 9. e4 e5 10. dxe5 dxe5 11. Nd5 Nxd5 12. exd5 Nd7 13. Bd2 a5 14. Rfe1 Bf6
15. Bc3 e4 16. Nd2 Ne5 17. Qd1 Qf7 18. Bf1 Bd7 19. f3 Qg6 20. f4 Ng4 21. Bg2
Bxc3 22. bxc3 Qb6+ 0-1

[Event "AUT-chT2S 9900"]
[Site "Austria"]
[Date "2000.03.17"]
[Round "9.2"]
[White "Moser, Eva"]
[Black "Steiner, Peter"]
[Result "1-0"]
[WhiteElo "2223"]
[BlackElo "2120"]
[PlyCount "65"]
[EventDate "1999.10.??"]
[EventType "team-tourn"]
[EventRounds "11"]
[EventCountry "AUT"]
[SourceTitle "EXT 2002"]
[Source "ChessBase"]
[SourceDate "2001.11.25"]
[SourceVersion "1"]
[SourceVersionDate "2001.11.25"]
[SourceQuality "1"]

1. g3 Nf6 2. Bg2 g6 3. e4 d6 4. d4 Bg7 5. Ne2 O-O 6. O-O c5 7. h3 cxd4 8. Nxd4
Qb6 9. Nb3 Nc6 10. Nc3 Be6 11. Nd5 Qd8 12. Bg5 Qd7 13. Kh2 Ne8 14. c3 f6 15.
Be3 f5 16. exf5 Rxf5 17. Nf4 Bc4 18. Re1 Nc7 19. Nc5 Qc8 20. Qa4 Bf7 21. Nxb7
Be8 22. Bxc6 Bxc6 23. Qxc6 Rb8 24. Nxd6 exd6 25. Bxa7 Ra8 26. Bb6 Ne8 27. Qxc8
Rxc8 28. Re2 Rb5 29. Rae1 Be5 30. Bd4 Ng7 31. Bxe5 dxe5 32. Nd3 e4 33. Rxe4 1-0

[Event "AUT-chT2S 9900"]
[Site "Austria"]
[Date "2000.02.27"]
[Round "8.6"]
[White "Moser, Eva"]
[Black "Riedner, Martin"]
[Result "1-0"]
[WhiteElo "2223"]
[BlackElo "2229"]
[PlyCount "109"]
[EventDate "1999.10.??"]
[EventType "team-tourn"]
[EventRounds "11"]
[EventCountry "AUT"]
[SourceTitle "EXT 2002"]
[Source "ChessBase"]
[SourceDate "2001.11.25"]
[SourceVersion "1"]
[SourceVersionDate "2001.11.25"]
[SourceQuality "1"]

1. g3 d5 2. Bg2 Nf6 3. Nf3 e6 4. d3 Nc6 5. O-O Bc5 6. c3 a5 7. Nbd2 O-O 8. Qc2
e5 9. e4 dxe4 10. dxe4 Be6 11. Ng5 Bg4 12. Nc4 Ne8 13. Nf3 Qf6 14. Nh4 Qe6 15.
Ne3 Bxe3 16. Bxe3 Nd6 17. f3 Bh3 18. Bxh3 Qxh3 19. Bc5 Qe6 20. Nf5 Rfd8 21.
Bxd6 cxd6 22. Ne3 Ne7 23. c4 Qc8 24. Kg2 Qc5 25. Qd2 h6 26. Rac1 Rac8 27. Rfd1
b5 28. Rc3 Rb8 29. Nd5 Ng6 30. cxb5 Qxb5 31. b3 a4 32. b4 Rb7 33. a3 Ne7 34.
Qd3 Qxd3 35. Nxe7+ Rxe7 36. Rdxd3 Re6 37. Rc7 Kf8 38. Ra7 Rc8 39. Rd2 Rc3 40.
Rxa4 Rf6 41. Rf2 g5 42. b5 Rb3 43. Ra8+ Ke7 44. a4 Kd7 45. Rc2 Rfxf3 46. b6 g4
47. Ra7+ Ke6 48. a5 Rfe3 49. b7 Re1 50. a6 Rbb1 51. Ra8 Rg1+ 52. Kf2 Rbe1 53.
Re8+ Kf6 54. Re2 Rd1 55. Ke3 1-0

[Event "AUT-chT2S 9900"]
[Site "Austria"]
[Date "2000.02.26"]
[Round "7.1"]
[White "Moser, Eva"]
[Black "Schroecker, Maria Luise"]
[Result "1-0"]
[WhiteElo "2223"]
[BlackElo "2095"]
[PlyCount "89"]
[EventDate "1999.10.??"]
[EventType "team-tourn"]
[EventRounds "11"]
[EventCountry "AUT"]
[SourceTitle "EXT 2002"]
[Source "ChessBase"]
[SourceDate "2001.11.25"]
[SourceVersion "1"]
[SourceVersionDate "2001.11.25"]
[SourceQuality "1"]

1. g3 d5 2. Bg2 Nf6 3. f4 g6 4. Nf3 Bg7 5. d3 c6 6. O-O Qb6+ 7. Kh1 Ng4 8. d4
h5 9. c4 Bf5 10. cxd5 cxd5 11. Nc3 Nf6 12. e3 Nc6 13. Nh4 e6 14. b3 Bf8 15. Bb2
Be7 16. Qe2 Bg4 17. Qd2 Bf5 18. Rac1 Rd8 19. Na4 Ne4 20. Qe1 Qa5 21. Qxa5 Nxa5
22. Nc5 O-O 23. Nxf5 gxf5 24. Nxe4 dxe4 25. Rc3 Bb4 26. Rc2 Bd6 27. h3 Kh7 28.
g4 hxg4 29. hxg4 fxg4 30. f5 Rc8 31. Bxe4 Rxc2 32. Bxc2 Rc8 33. Bd3 Kh6 34.
fxe6 fxe6 35. Rf6+ Kg5 36. Rg6+ Kh4 37. Rxe6 Bf8 38. Kg2 Nc6 39. Rg6 Nb4 40.
Bf5 Re8 41. Rxg4+ Kh5 42. Rg3 Rd8 43. a3 Nc6 44. Bc1 Ne7 45. Be6 1-0

[Event "AUT-ch"]
[Site "Frohnleiten"]
[Date "2000.??.??"]
[Round "9.19"]
[White "Moser, Eva"]
[Black "Schwaninger, Wolfgang"]
[Result "1-0"]
[WhiteElo "2332"]
[BlackElo "2108"]
[PlyCount "107"]
[EventDate "2000.08.05"]
[EventType "swiss"]
[EventRounds "9"]
[EventCountry "AUT"]
[SourceTitle "CBM 077 Extra"]
[Source "ChessBase"]
[SourceDate "2000.09.14"]
[SourceVersion "1"]
[SourceVersionDate "2000.09.14"]
[SourceQuality "1"]

1. g3 g6 2. Bg2 Bg7 3. e4 d6 4. d4 c6 5. Ne2 Nf6 6. O-O O-O 7. c4 Nbd7 8. Nbc3
Re8 9. h3 e5 10. d5 cxd5 11. cxd5 a6 12. Be3 b6 13. Nc1 a5 14. Re1 Ba6 15. a3
Qc7 16. Bd2 Rec8 17. Bf1 Bxf1 18. Kxf1 Nc5 19. Kg2 a4 20. Qf3 Qd7 21. Be3 Rcb8
22. N1a2 Nb3 23. Rad1 Ne8 24. Nb4 f5 25. Nc6 Rb7 26. Qe2 Nc5 27. Qc2 Nxe4 28.
Nxe4 fxe4 29. Qxe4 Nf6 30. Qd3 Rf8 31. Qb5 Qf7 32. Qd3 Nh5 33. Qe4 Kh8 34. Qxa4
Qf3+ 35. Kh2 Bh6 36. Rd2 b5 37. Qg4 Bxe3 38. Rxe3 Qxg4 39. hxg4 Nf6 40. f3 g5
41. Kg2 Rc8 42. Rb3 e4 43. fxe4 Nxg4 44. a4 b4 45. Rd4 h5 46. Rdxb4 Rf7 47. Rb8
Rf2+ 48. Kg1 Rxb8 49. Nxb8 Re2 50. a5 Ne3 51. a6 h4 52. gxh4 g4 53. a7 g3 54.
Rxe3 1-0

[Event "Dresden (Women)"]
[Site "Dresden"]
[Date "2000.??.??"]
[Round "9"]
[White "Straub, Natalia"]
[Black "Moser, Eva"]
[Result "1/2-1/2"]
[WhiteElo "2320"]
[BlackElo "2330"]
[PlyCount "118"]
[EventDate "2000.07.20"]
[EventType "tourn"]
[EventRounds "9"]
[EventCountry "GER"]
[SourceTitle "CBM 077 Extra"]
[Source "ChessBase"]
[SourceDate "2000.09.14"]
[SourceVersion "1"]
[SourceVersionDate "2000.09.14"]
[SourceQuality "1"]

1. d4 e6 2. Nf3 f5 3. g3 Nf6 4. Bg2 Be7 5. O-O O-O 6. c4 d6 7. Nc3 Qe8 8. Re1
Qg6 9. e4 Nxe4 10. Nxe4 fxe4 11. Rxe4 Nc6 12. Qe2 Bf6 13. Bd2 e5 14. dxe5 Nxe5
15. Bc3 Nxf3+ 16. Qxf3 Bg5 17. Qd3 Bf5 18. f4 Bf6 19. Qd5+ Kh8 20. Re3 Bxc3 21.
bxc3 c6 22. Qd4 Rfe8 23. Rae1 h6 24. h3 Qf7 25. g4 Bh7 26. Qxd6 Rxe3 27. Rxe3
Qxc4 28. f5 Qxa2 29. f6 Qf7 30. fxg7+ Qxg7 31. Re7 Qxc3 32. Kh2 Rg8 33. Re5 Qc1
34. Qf6+ Rg7 35. h4 Qc4 36. Re8+ Bg8 37. Qxh6+ Rh7 38. Qf6+ Rg7 39. Qh6+ Rh7
40. Qf6+ Rg7 41. Re4 Qf7 42. Qd4 Qd7 43. Qc3 Bd5 44. Rd4 Qc7+ 45. Kh3 Bxg2+ 46.
Kxg2 c5 47. Rd5 c4 48. h5 Qf4 49. g5 Qe4+ 50. Qf3 Qxf3+ 51. Kxf3 Rc7 52. Ke2 a6
53. Rd6 a5 54. Rb6 Rc5 55. Rxb7 Rxg5 56. Kd2 Rxh5 57. Kc3 Rc5 58. Re7 a4 59.
Ra7 Rc6 1/2-1/2

[Event "Oberwart op"]
[Site "Oberwart"]
[Date "2000.??.??"]
[Round "9"]
[White "Moser, Eva"]
[Black "Fruehauf, Norbert"]
[Result "1/2-1/2"]
[WhiteElo "2272"]
[BlackElo "2102"]
[PlyCount "75"]
[EventDate "2000.??.??"]
[EventType "swiss"]
[EventRounds "9"]
[EventCountry "AUT"]
[SourceTitle "EXT 2001"]
[Source "ChessBase"]
[SourceDate "2000.11.22"]
[SourceVersion "1"]
[SourceVersionDate "2000.11.22"]
[SourceQuality "1"]

1. g3 Nf6 2. Bg2 g6 3. e4 d6 4. d4 Bg7 5. Ne2 O-O 6. O-O Nbd7 7. c4 e5 8. d5
Nh5 9. Nec3 Bf6 10. Bh6 Ng7 11. f4 exf4 12. gxf4 Re8 13. Nd2 Nf8 14. Qf3 Bd4+
15. Kh1 Qh4 16. Bg5 Qh5 17. Qxh5 Nxh5 18. Nb5 Bb6 19. c5 Bd7 20. Nxd6 cxd6 21.
cxb6 f6 22. Bh6 axb6 23. Bf3 Bb5 24. Rfc1 Re7 25. Nc4 Bxc4 26. Rxc4 Ng7 27.
Rac1 Nd7 28. Rc8+ Rxc8 29. Rxc8+ Kf7 30. b4 Ne8 31. Rc4 b5 32. Rc2 Nb6 33. h4
Rc7 34. Re2 Rc3 35. Bg4 Nc7 36. h5 Nc4 37. Rh2 Ne3 38. hxg6+ 1/2-1/2

[Event "AUT-ch"]
[Site "Frohnleiten"]
[Date "2000.??.??"]
[Round "8.18"]
[White "Bezler, Rainer"]
[Black "Moser, Eva"]
[Result "1/2-1/2"]
[WhiteElo "2222"]
[BlackElo "2332"]
[PlyCount "70"]
[EventDate "2000.08.05"]
[EventType "swiss"]
[EventRounds "9"]
[EventCountry "AUT"]
[SourceTitle "CBM 077 Extra"]
[Source "ChessBase"]
[SourceDate "2000.09.14"]
[SourceVersion "1"]
[SourceVersionDate "2000.09.14"]
[SourceQuality "1"]

1. d4 e6 2. e4 d5 3. e5 c5 4. c3 Nc6 5. Nf3 Qb6 6. Bd3 cxd4 7. cxd4 Bd7 8. Be2
Nge7 9. b3 Nf5 10. Bb2 Bb4+ 11. Kf1 h5 12. Nc3 Na5 13. h4 Bxc3 14. Bxc3 Bb5 15.
Bxa5 Qxa5 16. g3 Bxe2+ 17. Qxe2 Rc8 18. Kg2 Rc3 19. Rhc1 O-O 20. Qd2 Rfc8 21.
Qg5 g6 22. Rxc3 Qxc3 23. Rd1 Qb2 24. Rd2 Qb1 25. Re2 Qd3 26. Qd2 Qxd2 27. Rxd2
Rc1 28. Ng1 Kf8 29. Ne2 Rc6 30. Kf1 Nh6 31. Nf4 Ng4 32. Ke2 Ke7 33. Nd3 b6 34.
Nb4 Rc7 35. Rc2 Kd7 1/2-1/2

[Event "Oberwart op"]
[Site "Oberwart"]
[Date "2000.??.??"]
[Round "8"]
[White "Wadsack, Wolfgang"]
[Black "Moser, Eva"]
[Result "1-0"]
[WhiteElo "2160"]
[BlackElo "2272"]
[PlyCount "67"]
[EventDate "2000.??.??"]
[EventType "swiss"]
[EventRounds "9"]
[EventCountry "AUT"]
[SourceTitle "EXT 2001"]
[Source "ChessBase"]
[SourceDate "2000.11.22"]
[SourceVersion "1"]
[SourceVersionDate "2000.11.22"]
[SourceQuality "1"]

1. e4 b6 2. d4 Bb7 3. Bd3 Nf6 4. Qe2 e6 5. Nc3 Nc6 6. Nf3 Nb4 7. O-O Nxd3 8.
cxd3 Be7 9. h3 O-O 10. a4 d5 11. e5 Nd7 12. a5 Nb8 13. axb6 cxb6 14. h4 Bxh4
15. g3 Be7 16. Kg2 Nd7 17. Rh1 Re8 18. Nh2 f6 19. f4 a6 20. Bd2 b5 21. Qh5 Nf8
22. Ng4 f5 23. Ne3 Qd7 24. g4 g6 25. Qh6 b4 26. Na4 Qb5 27. gxf5 exf5 28. Nb6
Qxd3 29. Nxa8 Qxd2+ 30. Kf3 Qxd4 31. Rag1 Bf6 32. Nc7 Bg7 33. Qxg7+ Kxg7 34.
Nxf5+ 1-0

[Event "AUT-ch"]
[Site "Frohnleiten"]
[Date "2000.??.??"]
[Round "7.16"]
[White "Karner, Christoph"]
[Black "Moser, Eva"]
[Result "1-0"]
[WhiteElo "2280"]
[BlackElo "2332"]
[PlyCount "73"]
[EventDate "2000.08.05"]
[EventType "swiss"]
[EventRounds "9"]
[EventCountry "AUT"]
[SourceTitle "CBM 077 Extra"]
[Source "ChessBase"]
[SourceDate "2000.09.14"]
[SourceVersion "1"]
[SourceVersionDate "2000.09.14"]
[SourceQuality "1"]

1. d4 e6 2. Nf3 f5 3. g3 Nf6 4. Bg2 Be7 5. O-O O-O 6. c4 d6 7. Nc3 Qe8 8. b3 a5
9. Bb2 Na6 10. e3 c6 11. a3 Rb8 12. Ne1 b5 13. cxb5 cxb5 14. Nd3 Bb7 15. Bxb7
Rxb7 16. Qe2 Nc7 17. Rfc1 Qg6 18. Qf3 Rfb8 19. Rc2 b4 20. axb4 axb4 21. Ne2 Bd8
22. Rc6 Ne4 23. Rc2 Qe8 24. Nef4 g5 25. Ng2 g4 26. Qd1 Ng5 27. Ngf4 Nd5 28. Ne1
Rc7 29. Nxd5 exd5 30. Rxc7 Bxc7 31. Qc2 Qd7 32. Ra7 Rc8 33. Qd3 Ne4 34. Qa6 Rb8
35. Nd3 Qd8 36. Qc6 Nf6 37. Qxc7 1-0

[Event "Oberwart op"]
[Site "Oberwart"]
[Date "2000.??.??"]
[Round "7"]
[White "Moser, Eva"]
[Black "Wegerer, Fred"]
[Result "0-1"]
[WhiteElo "2272"]
[BlackElo "2201"]
[PlyCount "56"]
[EventDate "2000.??.??"]
[EventType "swiss"]
[EventRounds "9"]
[EventCountry "AUT"]
[SourceTitle "EXT 2001"]
[Source "ChessBase"]
[SourceDate "2000.11.22"]
[SourceVersion "1"]
[SourceVersionDate "2000.11.22"]
[SourceQuality "1"]

1. g3 g6 2. Bg2 Bg7 3. e4 c5 4. d3 Nc6 5. f4 d6 6. Nf3 h5 7. c3 Nh6 8. O-O Bd7
9. Na3 Rb8 10. f5 gxf5 11. Nh4 Ne5 12. exf5 Bf6 13. Be4 Bc6 14. Bxc6+ bxc6 15.
Nf3 Nhg4 16. Nxe5 Nxe5 17. Nc4 Nxc4 18. dxc4 Kd7 19. Qe2 Qg8 20. Rf4 Qh7 21.
Be3 Be5 22. Rf2 f6 23. Rd1 Rbg8 24. Kh1 h4 25. g4 h3 26. g5 Qh4 27. g6 Qe4+ 28.
Rf3 Rh5 0-1

[Event "Dresden (Women)"]
[Site "Dresden"]
[Date "2000.??.??"]
[Round "7"]
[White "Shour, Janna"]
[Black "Moser, Eva"]
[Result "1-0"]
[WhiteElo "2215"]
[BlackElo "2330"]
[PlyCount "56"]
[EventDate "2000.07.20"]
[EventType "tourn"]
[EventRounds "9"]
[EventCountry "GER"]
[SourceTitle "CBM 077 Extra"]
[Source "ChessBase"]
[SourceDate "2000.09.14"]
[SourceVersion "1"]
[SourceVersionDate "2000.09.14"]
[SourceQuality "1"]

1. e4 d6 2. d4 Nf6 3. Nc3 e5 4. Nge2 Nbd7 5. g3 h5 6. Bg5 Be7 7. Bg2 c6 8. Qd2
Qc7 9. f4 Nf8 10. fxe5 dxe5 11. O-O-O Ne6 12. dxe5 Qxe5 13. Bf4 Nxf4 14. gxf4
Qa5 15. e5 Ng4 16. Nd4 Qa6 17. Be4 Nh6 18. f5 Ng4 19. e6 f6 20. Qg2 Kf8 21. Nf3
Qb6 22. Rd2 Rh6 23. Rg1 g5 24. fxg6 Ne3 25. Qe2 Bb4 26. g7+ Kg8 27. Rd8+ Qxd8
28. Qxe3 Qc7 1-0